[Event "Unterfränkische"]
[Site "?"]
[Date "2014.04.25"]
[Round "7.1"]
[White "Kwossek, Georg"]
[Black "Savina, Anastasia"]
[Result "1/2-1/2"]
[WhiteElo "2015"]
[BlackElo "2394"]
[PlyCount "82"]
[EventDate "2014.??.??"]

1. d4 {[%clk 1:59:56]} 1... Nf6 {[%clk 1:59:51]} 2. Nf3 {[%clk 1:59:49]} 2...
g6 {[%clk 1:59:46]} 3. c4 {[%clk 1:59:45]} 3... Bg7 {[%clk 1:59:42]} 4. Nc3 {
[%clk 1:59:41]} 4... O-O {[%clk 1:59:36]} 5. e4 {[%clk 1:59:36]} 5... d6 {
[%clk 1:59:33]} 6. Be2 {[%clk 1:59:00]} 6... e5 {[%clk 1:59:16]} 7. Be3 {
[%clk 1:58:55]} 7... c6 {[%clk 1:54:12]} 8. d5 {[%clk 1:53:44]} 8... Ng4 {
[%clk 1:48:56]} 9. Bg5 {[%clk 1:53:35]} 9... f6 {[%clk 1:48:47]} 10. Bh4 {
[%clk 1:53:11]} 10... Nh6 {[%clk 1:47:11]} 11. Nd2 {[%clk 1:48:21]} 11... c5 {
[%clk 1:25:52]} 12. g4 {[%clk 1:39:16]} 12... Nf7 {[%clk 1:23:13]} 13. f3 {
[%clk 1:36:58]} 13... Bh6 {[%clk 1:20:47]} 14. Bf2 {[%clk 1:35:59]} 14... f5 {
[%clk 1:13:08]} 15. gxf5 {[%clk 1:29:47]} 15... gxf5 {[%clk 1:12:53]} 16. Bd3 {
[%clk 1:28:25]} 16... Nh8 {[%clk 1:01:07]} 17. Qc2 {[%clk 1:24:27]} 17... Ng6 {
[%clk 0:53:49]} 18. O-O-O {[%clk 1:11:26]} 18... Nf4 {[%clk 0:51:06]} 19. Kb1 {
[%clk 1:06:13]} 19... Na6 {[%clk 0:43:57]} 20. a3 {[%clk 1:05:05]} 20... Nxd3 {
[%clk 0:41:50]} 21. Qxd3 {[%clk 1:05:00]} 21... Nc7 {[%clk 0:40:40]} 22. exf5 {
[%clk 0:58:52]} 22... Bxf5 {[%clk 0:36:56]} 23. Nde4 {[%clk 0:57:06]} 23... Kh8
{[%clk 0:35:37]} 24. Be3 {[%clk 0:55:39]} 24... Bxe3 {[%clk 0:30:10]} 25. Qxe3
{[%clk 0:55:31]} 25... Ne8 {[%clk 0:29:08]} 26. Ka1 {[%clk 0:53:23]} 26... Nf6
{[%clk 0:27:47]} 27. Rhg1 {[%clk 0:46:48]} 27... Nxe4 {[%clk 0:24:01]} 28. fxe4
{[%clk 0:42:24]} 28... Bd7 {[%clk 0:21:43]} 29. Rdf1 {[%clk 0:36:46]} 29... Qh4
{[%clk 0:20:00]} 30. Ne2 {[%clk 0:24:32]} 30... b5 {[%clk 0:14:30]} 31. b4 {
[%clk 0:16:20]} 31... cxb4 {[%clk 0:07:49]} 32. c5 {[%clk 0:10:57]} 32... dxc5
{[%clk 0:01:56]} 33. Qxc5 {[%clk 0:09:16]} 33... Rxf1+ {[%clk 0:01:54]} 34.
Rxf1 {[%clk 0:08:54]} 34... Rg8 {[%clk 0:01:13]} 35. Qd6 {[%clk 0:07:09]} 35...
Qg5 {[%clk 0:00:07]} 36. Qxd7 {[%clk 0:02:33]} 36... Qe3 {[%clk 0:00:06]} 37.
Qf5 {[%clk 0:01:32]} 37... Qxa3+ {[%clk 0:00:05]} 38. Kb1 {[%clk 0:01:11]}
38... Qb3+ {[%clk 0:00:05]} 39. Ka1 {[%clk 0:00:52]} 39... Qa3+ {[%clk 0:00:04]
} 40. Kb1 {[%clk 0:00:44]} 40... Qb3+ {[%clk 0:00:03]} 41. Ka1 {[%clk 0:00:43]}
41... Qa3+ {[%clk 0:55:50]} 1/2-1/2

[Event "Unterfränkische"]
[Site "?"]
[Date "2014.04.25"]
[Round "7.2"]
[White "Wurm, Alexander"]
[Black "Kunz, Konstantin"]
[Result "0-1"]
[WhiteElo "2094"]
[BlackElo "2198"]
[PlyCount "84"]
[EventDate "2014.??.??"]

1. d4 {[%clk 1:59:00]} 1... Nf6 {[%clk 1:59:52]} 2. c4 {[%clk 1:58:55]} 2... e6
{[%clk 1:59:44]} 3. Nf3 {[%clk 1:58:48]} 3... Bb4+ {[%clk 1:59:35]} 4. Bd2 {
[%clk 1:58:40]} 4... Bxd2+ {[%clk 1:59:04]} 5. Nbxd2 {[%clk 1:57:28]} 5... d6 {
[%clk 1:57:06]} 6. g3 {[%clk 1:56:40]} 6... O-O {[%clk 1:55:54]} 7. Bg2 {
[%clk 1:56:23]} 7... a5 {[%clk 1:55:28]} 8. O-O {[%clk 1:55:39]} 8... Nc6 {
[%clk 1:53:16]} 9. e4 {[%clk 1:49:13]} 9... e5 {[%clk 1:52:48]} 10. d5 {
[%clk 1:48:59]} 10... Nb8 {[%clk 1:52:36]} 11. Ne1 {[%clk 1:47:02]} 11... Na6 {
[%clk 1:43:28]} 12. Nd3 {[%clk 1:35:25]} 12... Bg4 {[%clk 1:42:48]} 13. f3 {
[%clk 1:27:33]} 13... Bd7 {[%clk 1:41:41]} 14. f4 {[%clk 1:20:36]} 14... c6 {
[%clk 1:11:56]} 15. f5 {[%clk 0:58:07]} 15... Qb6+ {[%clk 0:58:26]} 16. Kh1 {
[%clk 0:54:20]} 16... Qd4 {[%clk 0:54:33]} 17. Qe2 {[%clk 0:45:14]} 17... Rfe8
{[%clk 0:48:39]} 18. Rae1 {[%clk 0:34:31]} 18... h6 {[%clk 0:36:03]} 19. b3 {
[%clk 0:22:18]} 19... Nb4 {[%clk 0:33:25]} 20. Nf2 {[%clk 0:20:06]} 20... Qb6 {
[%clk 0:25:57]} 21. Ng4 {[%clk 0:16:59]} 21... Nxg4 {[%clk 0:24:15]} 22. Qxg4 {
[%clk 0:16:58]} 22... Nxa2 {[%clk 0:22:56]} 23. Qf3 {[%clk 0:13:46]} 23... f6 {
[%clk 0:22:31]} 24. g4 {[%clk 0:13:31]} 24... Nb4 {[%clk 0:21:41]} 25. h4 {
[%clk 0:12:58]} 25... Qc5 {[%clk 0:20:28]} 26. g5 {[%clk 0:10:59]} 26... hxg5 {
[%clk 0:19:52]} 27. hxg5 {[%clk 0:10:28]} 27... Kf7 {[%clk 0:19:29]} 28. Qh5+ {
[%clk 0:09:05]} 28... Ke7 {[%clk 0:18:29]} 29. gxf6+ {[%clk 0:09:04]} 29...
gxf6 {[%clk 0:17:47]} 30. Qh7+ {[%clk 0:09:01]} 30... Kd8 {[%clk 0:17:19]} 31.
dxc6 {[%clk 0:06:41]} 31... bxc6 {[%clk 0:16:38]} 32. Rf3 {[%clk 0:04:54]}
32... Kc7 {[%clk 0:15:43]} 33. Rh3 {[%clk 0:04:32]} 33... Nd3 {[%clk 0:14:04]}
34. b4 {[%clk 0:03:09]} 34... axb4 {[%clk 0:11:53]} 35. Nb3 {[%clk 0:02:11]}
35... Qxc4 {[%clk 0:08:55]} 36. Bf1 {[%clk 0:02:09]} 36... Qc3 {[%clk 0:07:28]}
37. Ree3 {[%clk 0:01:26]} 37... Qxb3 {[%clk 0:06:31]} 38. Rxd3 {[%clk 0:01:20]}
38... Qb1 {[%clk 0:06:02]} 39. Kg1 {[%clk 0:00:04]} 39... Rg8+ {[%clk 0:04:01]}
40. Rhg3 {[%clk 0:00:01]} 40... Rxg3+ {[%clk 0:01:14]} 41. Rxg3 {[%clk 0:58:59]
} 41... Ra1 {[%clk 1:00:23]} 42. Rf3 {[%clk 0:53:47]} 42... Qxe4 {
[%clk 0:59:04]} 0-1

[Event "Unterfränkische"]
[Site "?"]
[Date "2014.04.25"]
[Round "7.3"]
[White "Englert, Fabian"]
[Black "Kuhn, Norbert"]
[Result "1/2-1/2"]
[WhiteElo "2310"]
[BlackElo "2161"]
[PlyCount "27"]
[EventDate "2014.??.??"]

1. d4 {[%clk 1:59:58]} 1... d5 {[%clk 1:52:59]} 2. Bg5 {[%clk 1:59:35]} 2...
Nd7 {[%clk 1:51:44]} 3. Nd2 {[%clk 1:58:34]} 3... Ngf6 {[%clk 1:51:29]} 4. e3 {
[%clk 1:58:26]} 4... e6 {[%clk 1:51:17]} 5. Bd3 {[%clk 1:58:12]} 5... c5 {
[%clk 1:50:33]} 6. c3 {[%clk 1:57:57]} 6... Qb6 {[%clk 1:49:41]} 7. Rb1 {
[%clk 1:56:18]} 7... e5 {[%clk 1:46:27]} 8. Ne2 {[%clk 1:52:50]} 8... Be7 {
[%clk 1:44:39]} 9. O-O {[%clk 1:49:57]} 9... O-O {[%clk 1:44:25]} 10. b4 {
[%clk 1:30:26]} 10... cxb4 {[%clk 1:39:56]} 11. cxb4 {[%clk 1:28:58]} 11... e4
{[%clk 1:39:24]} 12. Bc2 {[%clk 1:28:47]} 12... Re8 {[%clk 1:36:57]} 13. f3 {
[%clk 1:14:29]} 13... exf3 {[%clk 1:34:56]} 14. Nxf3 1/2-1/2

[Event "Unterfränkische"]
[Site "?"]
[Date "2014.04.25"]
[Round "7.4"]
[White "Amtmann, Florian"]
[Black "Kuhn, Tobias"]
[Result "1/2-1/2"]
[WhiteElo "2158"]
[BlackElo "2225"]
[PlyCount "155"]
[EventDate "2014.??.??"]

1. d4 {[%clk 1:59:56]} 1... Nf6 {[%clk 1:59:57]} 2. Nf3 {[%clk 1:59:42]} 2...
g6 {[%clk 1:59:53]} 3. c4 {[%clk 1:59:32]} 3... c5 {[%clk 1:59:51]} 4. Nc3 {
[%clk 1:59:19]} 4... cxd4 {[%clk 1:59:47]} 5. Nxd4 {[%clk 1:59:07]} 5... Bg7 {
[%clk 1:59:37]} 6. e4 {[%clk 1:58:45]} 6... d6 {[%clk 1:59:32]} 7. Be2 {
[%clk 1:57:11]} 7... O-O {[%clk 1:59:25]} 8. O-O {[%clk 1:56:25]} 8... Nc6 {
[%clk 1:59:23]} 9. Be3 {[%clk 1:54:06]} 9... Bd7 {[%clk 1:59:20]} 10. f3 {
[%clk 1:51:05]} 10... Nh5 {[%clk 1:57:31]} 11. Qd2 {[%clk 1:43:16]} 11... Nf4 {
[%clk 1:55:57]} 12. Nxc6 {[%clk 1:40:03]} 12... Nxe2+ {[%clk 1:55:36]} 13. Nxe2
{[%clk 1:38:37]} 13... Bxc6 {[%clk 1:50:28]} 14. Bd4 {[%clk 1:33:49]} 14... Qc7
{[%clk 1:47:26]} 15. Rfd1 {[%clk 1:28:41]} 15... b6 {[%clk 1:42:58]} 16. Bxg7 {
[%clk 1:24:54]} 16... Kxg7 {[%clk 1:42:25]} 17. Rac1 {[%clk 1:24:05]} 17...
Rac8 {[%clk 1:41:14]} 18. Nc3 {[%clk 1:14:44]} 18... Qb7 {[%clk 1:35:27]} 19.
Qd4+ {[%clk 1:10:07]} 19... Kg8 {[%clk 1:32:56]} 20. a4 {[%clk 1:02:29]} 20...
Rfd8 {[%clk 1:25:53]} 21. b3 {[%clk 1:00:21]} 21... Qa6 {[%clk 1:19:07]} 22. h4
{[%clk 0:52:35]} 22... Qa5 {[%clk 1:11:46]} 23. Kf2 {[%clk 0:40:16]} 23... Qc5
{[%clk 1:06:52]} 24. Nd5 {[%clk 0:31:43]} 24... Kf8 {[%clk 1:03:14]} 25. Ke2 {
[%clk 0:27:40]} 25... Qxd4 {[%clk 1:03:03]} 26. Rxd4 {[%clk 0:27:32]} 26... e6
{[%clk 1:02:25]} 27. Ne3 {[%clk 0:23:58]} 27... Ke7 {[%clk 1:02:12]} 28. Rd2 {
[%clk 0:19:32]} 28... f5 {[%clk 1:01:57]} 29. exf5 {[%clk 0:18:33]} 29... gxf5
{[%clk 1:01:50]} 30. Kf2 {[%clk 0:17:41]} 30... f4 {[%clk 0:56:52]} 31. Nc2 {
[%clk 0:16:37]} 31... Rg8 {[%clk 0:54:14]} 32. Re1 {[%clk 0:14:55]} 32... e5 {
[%clk 0:52:44]} 33. Nd4 {[%clk 0:13:24]} 33... Bd7 {[%clk 0:51:56]} 34. Ne2 {
[%clk 0:12:41]} 34... Rcf8 {[%clk 0:51:31]} 35. Nc3 {[%clk 0:11:57]} 35... Bc6
{[%clk 0:51:06]} 36. Ra1 {[%clk 0:09:06]} 36... Rg3 {[%clk 0:45:46]} 37. Raa2 {
[%clk 0:03:16]} 37... Rfg8 {[%clk 0:44:52]} 38. Ke1 {[%clk 0:02:39]} 38... Ke6
{[%clk 0:43:41]} 39. Nb5 {[%clk 0:01:44]} 39... Bxb5 {[%clk 0:42:47]} 40. axb5
{[%clk 0:01:35]} 40... R8g7 {[%clk 0:39:36]} 41. b4 {[%clk 0:52:25]} 41... Rc7
42. c5 dxc5 43. bxc5 bxc5 44. Ra6+ Kf7 45. Rda2 Rg7 46. Rxa7 Ke6 47. Rxc7 Rxc7
48. Kd2 Rb7 49. Ra6+ Kd5 50. Kc3 Rxb5 51. Ra7 Rb6 52. Rd7+ Rd6 53. Rxh7 Rg6 54.
Rd7+ Ke6 55. Rd2 Rh6 56. Kc4 Rxh4 57. Kxc5 Rh2 58. Re2 Rh8 59. Kc4 Rd8 60. Kc3
Kf5 61. Rd2 Rc8+ 62. Kd3 Ra8 63. Ke2 Ra4 64. Kf2 Ra3 65. Rb2 Rd3 66. Ra2 Ke6
67. Rb2 Kd5 68. Rc2 Rb3 69. Rd2+ Kc4 70. Re2 Kd4 71. Re4+ Kd5 72. Re2 Rd3 73.
Ra2 Kd4 74. Re2 Ra3 75. Re4+ Kd5 76. Re2 Ra5 77. Rb2 Kd4 78. Rd2+ 1/2-1/2

[Event "Unterfränkischen EM 2014"]
[Site "Wörth am Main"]
[Date "2014.04.24"]
[Round "7.5"]
[White "Ersoez, Can"]
[Black "Frey, Michael"]
[Result "1/2-1/2"]
[WhiteElo "2034"]
[BlackElo "2083"]
[PlyCount "51"]
[EventDate "2014.??.??"]

1. e4 c6 2. d4 d5 3. exd5 cxd5 4. Bd3 Nc6 5. c3 Qc7 6. Ne2 Bg4 7. f3 Bh5 8. Nf4
Nf6 9. Nxh5 Nxh5 10. O-O Nf4 11. Bb5 e6 12. g3 Ng6 13. f4 Bd6 14. Nd2 Nge7 15.
Nf3 h5 16. Qe2 Nf5 17. Bd3 g6 18. Ne5 Bxe5 19. fxe5 O-O-O 20. Bg5 Rd7 21. b4
Kb8 22. a4 Nce7 23. Bb5 Rdd8 24. Qd2 Rc8 25. Rfc1 Ka8 26. a5 1/2-1/2

[Event "Unterfränkischen EM 2014"]
[Site "Wörth am Main"]
[Date "2014.04.24"]
[Round "7.6"]
[White "Hock, Gerold"]
[Black "Scholz, Stefan"]
[Result "1-0"]
[WhiteElo "2097"]
[BlackElo "2046"]
[PlyCount "107"]
[EventDate "2014.??.??"]

1. b3 e5 2. Bb2 d6 3. e3 Nf6 4. d4 e4 5. d5 Bf5 6. Ne2 Be7 7. Nbc3 Nbd7 8. Ng3
Bg4 9. Qd4 c5 10. dxc6 bxc6 11. Ngxe4 Nxe4 12. Nxe4 Nf6 13. Ng3 O-O 14. Qd2 Qc7
15. Bd3 a5 16. Nf5 Bxf5 17. Bxf5 a4 18. O-O Rfd8 19. c4 axb3 20. axb3 Rab8 21.
Bc3 Re8 22. Qc2 g6 23. Bd3 d5 24. h3 dxc4 25. bxc4 Nd7 26. Rfb1 Bf6 27. Bd4 c5
28. Bxf6 Nxf6 29. Rb5 Red8 30. Rab1 Ne8 31. Qb3 Rbc8 32. Rb7 Qe5 33. Be2 Nd6
34. Ra7 Ne8 35. Qb2 Qe6 36. Qc3 Ra8 37. Rxa8 Rxa8 38. Bf3 Rc8 39. Bd5 Qe7 40.
e4 Nc7 41. Qe3 Ne6 42. Rb7 Rc7 43. Rb8+ Kg7 44. e5 Nd4 45. e6 fxe6 46. Qe5+ Kh6
47. Be4 Ra7 48. Rc8 Ra5 49. Rc7 Qf8 50. h4 Ne2+ 51. Kh1 Qf4 52. Qg7+ Kh5 53.
Qxh7+ Qh6 54. Bf3+ 1-0

[Event "Unterfränkischen EM 2014"]
[Site "Wörth am Main"]
[Date "2014.04.24"]
[Round "7.7"]
[White "Vogt, Thomas"]
[Black "Pfarr, Michael"]
[Result "1-0"]
[WhiteElo "2023"]
[BlackElo "2074"]
[PlyCount "145"]
[EventDate "2014.??.??"]

1. d4 Nf6 2. Nf3 g6 3. Nc3 Bg7 4. e4 d6 5. h3 O-O 6. Be3 c6 7. a4 Qa5 8. Bd3 e5
9. dxe5 dxe5 10. O-O Nh5 11. Qd2 Nd7 12. Bc4 Qb4 13. Bb3 Qe7 14. Rad1 Nc5 15.
Bxc5 Qxc5 16. Ne2 Nf6 17. Ng3 h6 18. Qd6 Qxd6 19. Rxd6 Re8 20. Rfd1 Kf8 21. a5
a6 22. c3 Nh7 23. Kf1 Bf6 24. Ke2 Kg7 25. Nf1 Nf8 26. Ne3 Ne6 27. Nc4 Nf4+ 28.
Kf1 Be6 29. R6d2 g5 30. Ne1 Ng6 31. Nc2 Rad8 32. N2e3 Rxd2 33. Rxd2 h5 34. Rd1
Kf8 35. Nd2 Ke7 36. Bxe6 Kxe6 37. Nb3 Be7 38. Nf5 Bf8 39. g3 h4 40. Kg2 f6 41.
Kf3 Rb8 42. Rd2 hxg3 43. fxg3 b6 44. axb6 Rxb6 45. Na5 Be7 46. Kg4 Nf8 47. h4
gxh4 48. gxh4 Kf7 49. h5 Bc5 50. b4 Bxb4 51. cxb4 Rxb4 52. Nd6+ Ke6 53. Nxc6
Rb1 54. Nd8+ Ke7 55. Nf5+ Ke8 56. Nc6 Rg1+ 57. Kf3 Ne6 58. h6 Ng5+ 59. Ke3 Re1+
60. Kf2 Rc1 61. Rd8+ Kf7 62. Rd7+ Ke8 63. Ra7 Kf8 64. Rd7 Ke8 65. Re7+ Kf8 66.
Nd8 Rc2+ 67. Ke3 Rc3+ 68. Ke2 Rc2+ 69. Kd1 Rc8 70. Ne6+ Kg8 71. Nxg5 fxg5 72.
Rg7+ Kh8 73. Ne7 1-0

[Event "Unterfränkischen EM 2014"]
[Site "Wörth am Main"]
[Date "2014.04.24"]
[Round "7.8"]
[White "Basel, Matthias"]
[Black "Flach, Manuel"]
[Result "1-0"]
[WhiteElo "2110"]
[BlackElo "1908"]
[PlyCount "81"]
[EventDate "2014.??.??"]

1. Nf3 Nf6 2. d4 c5 3. c4 cxd4 4. Nxd4 Nc6 5. Nc3 g6 6. e4 d6 7. Be2 Bg7 8. Be3
O-O 9. O-O Nd7 10. a3 Nc5 11. Rb1 Ne6 12. Nc2 Bd7 13. Qd2 Rc8 14. b3 a6 15. Na4
Rb8 16. Nb6 Be8 17. b4 Ne5 18. Rfd1 Nd7 19. Nd5 Nc7 20. Ba7 Nxd5 21. exd5 Rc8
22. Bd4 Ne5 23. Ne3 Ba4 24. Rdc1 Bh6 25. Rc3 f5 26. Kh1 f4 27. Ng4 Bg5 28. Nxe5
dxe5 29. Bxe5 e6 30. Bf3 exd5 31. Bxd5+ Rf7 32. Rd3 Qe7 33. Bd6 Qf6 34. f3 Bd7
35. Re1 Re8 36. Rxe8+ Bxe8 37. Qe1 Bd7 38. Rd2 Qc3 39. Re2 Bf6 40. Qxc3 Bxc3
41. Re7 1-0

[Event "Unterfränkischen EM 2014"]
[Site "Wörth am Main"]
[Date "2014.04.24"]
[Round "7.1"]
[White "Liebler, Jürgen"]
[Black "Beyersdorf, Gunter"]
[Result "1-0"]
[WhiteElo "1684"]
[BlackElo "1787"]
[PlyCount "71"]
[EventDate "2014.??.??"]

1. e4 c5 2. Nc3 Nc6 3. Bc4 Nf6 4. f4 d6 5. Nf3 Bg4 6. h3 Bxf3 7. Qxf3 Nd4 8.
Qd1 e5 9. fxe5 dxe5 10. d3 a6 11. Bg5 Be7 12. O-O b5 13. Bxf6 Bxf6 14. Bd5 Ra7
15. Ne2 Bg5 16. Nxd4 Be3+ 17. Kh1 exd4 18. Bc6+ Kf8 19. Qh5 Qd6 20. Bd5 g6 21.
Qf3 Qe7 22. Qg4 Qd6 23. Rf3 h5 24. Qh4 Kg7 25. Raf1 Rf8 26. g4 hxg4 27. Qxg4
Qd8 28. Rg3 Rd7 29. Bxf7 Rfxf7 30. Qxg6+ Kh8 31. Rxf7 Rxf7 32. Qh5+ Bh6 33.
Qxf7 Qf8 34. Qxf8+ Bxf8 35. Rg6 a5 36. h4 1-0

[Event "Unterfränkischen EM 2014"]
[Site "Wörth am Main"]
[Date "2014.04.24"]
[Round "7.2"]
[White "Kraus, Arnold"]
[Black "Weikert, Benedikt"]
[Result "1-0"]
[WhiteElo "1656"]
[BlackElo "1744"]
[PlyCount "67"]
[EventDate "2014.??.??"]

1. d4 Nf6 2. c4 g6 3. Nc3 d5 4. Nf3 Bg7 5. e3 c6 6. Be2 Nbd7 7. O-O O-O 8. h3
h6 9. Qc2 dxc4 10. Bxc4 Nb6 11. Bb3 Nbd5 12. e4 Nxc3 13. bxc3 e6 14. Be3 Qc7
15. Rad1 b6 16. Nd2 Bb7 17. f4 Rad8 18. f5 exf5 19. exf5 Kh7 20. Bf4 Qd7 21.
fxg6+ fxg6 22. Nf3 Nd5 23. Bc1 Qf5 24. Ng5+ hxg5 25. Rxf5 Rxf5 26. g4 Rf3 27.
Rd3 Rdf8 28. Rxf3 Rxf3 29. Bxd5 cxd5 30. Kg2 Rf7 31. Bxg5 Ba6 32. h4 Bf1+ 33.
Kg3 Rf8 34. h5 1-0

[Event "Unterfränkischen EM 2014"]
[Site "Wörth am Main"]
[Date "2014.04.24"]
[Round "7.3"]
[White "Paeslack, Luis"]
[Black "Schwarz, Tobias"]
[Result "1-0"]
[WhiteElo "1491"]
[BlackElo "1634"]
[PlyCount "101"]
[EventDate "2014.??.??"]

1. e4 c5 2. Nf3 d6 3. d4 cxd4 4. Nxd4 Nf6 5. Nc3 a6 6. Be3 e6 7. Be2 Be7 8. f3
Nbd7 9. O-O Qc7 10. Qd2 O-O 11. Rac1 b5 12. a3 Bb7 13. Bd3 d5 14. Nde2 dxe4 15.
Nxe4 Nxe4 16. Bxe4 Bxe4 17. fxe4 Bc5 18. Bxc5 Qxc5+ 19. Qd4 Qxd4+ 20. Nxd4 Ne5
21. Nf3 Nc4 22. Rb1 Rfd8 23. Rf2 Ra7 24. Kf1 {=} 24... Ne3+ 25. Ke1 Rc7 26. c3
Rcd7 27. Ne5 Rc7 28. Re2 Nc4 29. Nxc4 Rxc4 30. Rd1 Rxd1+ 31. Kxd1 Kf8 32. Kc2
Ke7 33. b3 Rc5 34. Kd3 e5 35. Rc2 Ke6 36. c4 f5 37. exf5+ Kxf5 38. Rf2+ Ke6 {=}
39. Rc2 Kf5 40. b4 {=} 40... Rxc4 41. Rxc4 bxc4+ 42. Kxc4 Ke4 43. a4 Ke3 44. b5
axb5+ 45. axb5 e4 46. b6 Kf2 47. b7 e3 48. b8=Q e2 49. Qf4+ Kg1 50. Qe3+ Kf1
51. Qf3+ 1-0

[Event "Unterfränkischen EM 2014"]
[Site "Wörth am Main"]
[Date "2014.04.24"]
[Round "7.4"]
[White "Saftenberger, Wolfgang"]
[Black "Trapp, Kevin"]
[Result "1/2-1/2"]
[WhiteElo "1682"]
[BlackElo "1637"]
[PlyCount "32"]
[EventDate "2014.??.??"]

1. d4 d5 2. Nf3 e6 3. c4 Nc6 4. Nc3 Nf6 5. Bg5 Be7 6. e3 h6 7. Bxf6 Bxf6 8.
cxd5 exd5 9. Bb5 O-O 10. Bxc6 bxc6 11. h3 Qd6 12. O-O Re8 13. Qc2 g5 14. Nh2
Bg7 15. Ne2 f5 16. Nc1 Bd7 $11 1/2-1/2

[Event "Unterfränkischen EM 2014"]
[Site "Wörth am Main"]
[Date "2014.04.24"]
[Round "7.5"]
[White "Wilm, Johannes"]
[Black "Englert, Fred"]
[Result "1/2-1/2"]
[WhiteElo "1551"]
[BlackElo "1813"]
[PlyCount "68"]
[EventDate "2014.??.??"]

1. e4 c6 2. d4 d5 3. Nc3 dxe4 4. Nxe4 g6 5. Nf3 Bg7 6. Be3 Nd7 7. Be2 Ngf6 8.
Nxf6+ Nxf6 9. O-O O-O 10. c4 Bf5 11. Nh4 Bd7 12. b3 Ne4 13. Qc2 Nd6 14. Rad1
Nf5 15. Nxf5 Bxf5 16. Bd3 Bxd3 17. Rxd3 e6 18. Bc1 Qc7 19. Bb2 Rad8 20. Rfd1
Rd7 21. h3 {=} 21... Rfd8 22. Bc3 Qf4 23. Qd2 Qh4 24. Qe3 {=} 24... Bh6 25. Qf3
Bg7 26. Qe3 Qe7 27. Kf1 Qa3 28. R3d2 Qd6 29. Kg1 Qc7 30. Rd3 b6 31. b4 c5 32.
bxc5 bxc5 33. dxc5 Rxd3 34. Rxd3 Rb8 {=} 1/2-1/2

[Event "Unterfränkischen EM 2014"]
[Site "Wörth am Main"]
[Date "2014.04.24"]
[Round "7.6"]
[White "Heller, Thomas"]
[Black "Albert, Samuel"]
[Result "1-0"]
[WhiteElo "1809"]
[BlackElo "1464"]
[PlyCount "83"]
[EventDate "2014.??.??"]

1. d4 e6 2. c4 Bb4+ 3. Bd2 Bxd2+ 4. Qxd2 b6 5. Nc3 Bb7 6. e4 d6 7. g3 Nf6 8.
Bg2 O-O 9. Nge2 Nbd7 10. O-O e5 11. d5 Nh5 12. g4 Nhf6 13. f3 Qe7 14. Ng3 Ne8
15. Nf5 Qf6 16. h4 Bc8 17. Ne2 Nc5 18. g5 Qd8 19. Neg3 Bxf5 20. Nxf5 Rb8 21. b4
Nb7 22. Bh3 a5 23. a3 axb4 24. axb4 Ra8 25. Ne7+ Qxe7 26. Rxa8 f6 27. Be6+ Kh8
28. f4 Nd8 29. f5 c6 30. Rfa1 Nc7 31. R8a7 Ndxe6 32. dxe6 Rb8 33. Rd1 Rd8 34.
Qe3 Rb8 35. Kh2 Qd8 36. Qd2 Ne8 37. Kg3 Kg8 38. Kg4 g6 39. Qa2 h5+ 40. gxh6 g5
41. c5 b5 42. e7+ 1-0

[Event "Unterfränkischen EM 2014"]
[Site "Wörth am Main"]
[Date "2014.04.24"]
[Round "7.7"]
[White "Träger, Dominik"]
[Black "Häusler, Luis"]
[Result "1/2-1/2"]
[WhiteElo "1615"]
[BlackElo "1281"]
[PlyCount "31"]
[EventDate "2014.??.??"]

1. d4 d5 2. c4 e6 3. Nc3 c6 4. Nf3 dxc4 5. Bf4 b5 6. a4 Bb4 7. axb5 cxb5 8.
Bxb8 Rxb8 9. Rxa7 Qb6 10. Qa1 Ne7 11. e3 O-O 12. Be2 Bb7 13. O-O Ra8 14. Rxa8
Rxa8 15. Qb1 Qa5 16. Rc1 {=} 1/2-1/2

[Event "Unterfränkischen EM 2014"]
[Site "Wörth am Main"]
[Date "2014.04.24"]
[Round "7.8"]
[White "Heerlein, Gerd"]
[Black "Stegnar, Roland"]
[Result "1/2-1/2"]
[WhiteElo "1775"]
[BlackElo "1385"]
[PlyCount "36"]
[EventDate "2014.??.??"]

1. d4 Nf6 2. c4 e6 3. Nc3 d5 4. cxd5 exd5 5. Bg5 c6 6. Qc2 h6 7. Bh4 Be7 8. e3
g5 9. Bg3 Bd6 10. Bxd6 Qxd6 11. h4 g4 12. g3 Be6 13. Bd3 Nbd7 14. Nge2 Ke7 15.
Nf4 a6 16. Bf5 Nf8 17. O-O-O Kd7 18. Rhe1 Kc7 1/2-1/2

[Event "Unterfränkischen EM 2014"]
[Site "Wörth am Main"]
[Date "2014.04.24"]
[Round "7.9"]
[White "Hartlaub, Marianne"]
[Black "Stolcz, Frank"]
[Result "0-1"]
[WhiteElo "1596"]
[BlackElo "1479"]
[PlyCount "98"]
[EventDate "2014.??.??"]

1. Nf3 b6 2. g3 Bb7 3. Bg2 g6 4. Nc3 Bg7 5. O-O e5 6. d3 Ne7 7. e4 O-O 8. Be3
d5 9. exd5 Nxd5 10. Nxd5 Bxd5 11. Nh4 Re8 12. Bxd5 Qxd5 13. Qf3 e4 14. dxe4
Qxe4 15. Qxe4 Rxe4 16. c3 Nc6 17. Rad1 Ne5 18. Kg2 Nc4 19. Bc1 Rae8 20. Nf3 c5
21. Rd7 a5 22. b3 Ne5 23. Nxe5 R4xe5 24. c4 Re2 25. Rb7 Rxa2 26. Rxb6 a4 27.
Be3 Bf8 28. bxa4 Rxe3 29. a5 Rea3 30. Rd1 Rxa5 31. Rd7 Ra7 32. Rd8 Ra8 33. Rd7
R2a7 34. Rd3 Bg7 35. f4 Ra4 36. Rb7 Rxc4 37. Rdd7 Rf8 38. Kf3 Rc1 39. Ke4 c4
40. Rbc7 c3 41. f5 c2 42. Kd3 Bh6 43. fxg6 hxg6 44. h4 Rg1 45. Kxc2 Rxg3 46.
Rc4 Ra8 47. Kb2 Bg7+ 48. Kb1 Rg2 49. Rb4 Ra1# 0-1

[Event "Unterfränkischen EM 2014"]
[Site "Wörth am Main"]
[Date "2014.04.24"]
[Round "7.10"]
[White "Pfister, Gerhard"]
[Black "Lamping, Peter"]
[Result "1-0"]
[WhiteElo "1487"]
[BlackElo "1585"]
[PlyCount "41"]
[EventDate "2014.??.??"]

1. d4 Nf6 2. c4 e6 3. Nc3 d5 4. Bg5 Be7 5. cxd5 exd5 6. e3 O-O 7. Bd3 c6 8. Qc2
h6 9. Bh4 Nbd7 10. h3 a6 11. Nf3 c5 12. Bxf6 Nxf6 13. dxc5 Bxc5 14. O-O-O Be6
15. g4 Rc8 16. Kb1 Qa5 17. Qa4 Qb6 18. g5 hxg5 19. Nxg5 Bd7 20. Qh4 g6 21. Nxd5
1-0

[Event "Unterfränkischen EM 2014"]
[Site "Wörth am Main"]
[Date "2014.04.24"]
[Round "7.12"]
[White "Brennfleck, Martin"]
[Black "Mattern, Kilian"]
[Result "1-0"]
[WhiteElo "1464"]
[BlackElo "1446"]
[PlyCount "53"]
[EventDate "2014.??.??"]

1. d4 Nf6 2. Nf3 e6 3. e3 c5 4. c3 d5 5. Bd3 Nc6 6. Nbd2 Bd7 7. O-O Bd6 8. Qe2
O-O 9. dxc5 Bxc5 10. e4 dxe4 11. Nxe4 Nxe4 12. Bxe4 h6 13. Bf4 Qb6 14. Rad1
Rad8 15. b4 Be7 16. a4 Nxb4 17. cxb4 Qxb4 18. Bc7 Qxa4 19. Bxd8 Rxd8 20. Qc2
Qb4 21. Rd4 Qa5 22. Rfd1 f5 23. Rxd7 Rxd7 24. Rxd7 fxe4 25. Qxe4 Bb4 26. Qxe6+
Kh7 27. Qe5 1-0

[Event "Unterfränkischen EM 2014"]
[Site "Wörth am Main"]
[Date "2014.04.24"]
[Round "7.13"]
[White "Diener, Konrad"]
[Black "Hasenstab, Rainer"]
[Result "1/2-1/2"]
[WhiteElo "1293"]
[BlackElo "1004"]
[PlyCount "65"]
[EventDate "2014.??.??"]

1. e4 e5 2. f4 exf4 3. Nf3 g5 4. Bc4 Nh6 5. d4 a6 6. c3 b5 7. Bb3 Bb7 8. Qe2
Bg7 9. a4 c6 10. O-O O-O 11. Bc2 Re8 12. Qd3 f6 13. e5 f5 14. h4 g4 15. Ng5 Rf8
16. Bxf4 Qe7 17. Bb3+ Kh8 18. Nd2 a5 19. Rae1 Na6 20. e6 d6 21. c4 Nb4 22. Qg3
Bxd4+ 23. Kh1 Rad8 24. cxb5 Bxb2 25. Nc4 Be5 26. Bxe5+ dxe5 27. Nxe5 Rf6 28.
Ngf7+ Nxf7 29. exf7 Qd6 30. Qf4 Nd3 31. Nxd3 Qxd3 32. Re8+ Kg7 33. Bc4 1/2-1/2